[Event "XVI Festival Magistrale"]
[Site "Asti ITA"]
[Date "1995.10.06"]
[Round "7"]
[White "Efimov, Igor"]
[Black "Godena, Michele"]
[Result "0-1"]
[WhiteElo "2450"]
[BlackElo "2420"]
[PlyCount "80"]
[EventDate "1995.09.30"]

1.e4 e5 2.Nf3 Nc6 3.Bb5 a6 4.Ba4 Nf6 5.O-O b5 6.Bb3 Bc5 7.a4 Bb7 8.d3 d6 
9.Nc3 b4 10.Nd5 Nxd5 11.Bxd5 O-O 12.c3 bxc3 13.bxc3 Rb8 14.a5 Ne7 15.Ba2 
Ng6 16.Rb1 Ba7 17.Be3 Bxe3 18.fxe3 h6 19.Nd2 Bc6 20.Qh5 Rxb1 21.Nxb1 d5 
22.Nd2 Qd6 23.d4 Qa3 24.Bb3 Qb2 25.exd5 Bb5 26.Rf2 Qc1+ 27.Qd1 Qxc3 28.d6 
cxd6 29.Ne4 Qxe3 30.Nxd6 Nf4 31.Nc4 Bxc4 32.Bxc4 Rc8 33.Bf1 Rc1 34.Qd2 
exd4 35.h4 Ra1 36.Qc2 Rc1 37.Qd2 h5 38.Qb2 Nd3 39.Kh2 Nxb2 40.Rxb2 Rxf1 
0-1

[Event "XVI Festival Magistrale"]
[Site "Asti ITA"]
[Date "1995.10.06"]
[Round "7"]
[White "Faraoni, Enrico"]
[Black "Spinelli, Doriano"]
[Result "0-1"]
[WhiteElo "2135"]
[BlackElo "2155"]
[PlyCount "60"]
[EventDate "1995.09.30"]

1.f4 d5 2.Nf3 Bf5 3.e3 e6 4.b3 Nf6 5.Bb2 h6 6.Bb5+ c6 7.Be2 Bh7 8.O-O Be7 
9.Ne5 Nbd7 10.d3 O-O 11.Rf3 Nxe5 12.fxe5 Nd7 13.Nd2 Qc7 14.d4 a5 15.a4 f6 
16.exf6 Nxf6 17.c4 Bd6 18.Rh3 Qe7 19.Bf3 Bf5 20.g4 Bg6 21.Qe2 e5 22.cxd5 
e4 23.Bg2 cxd5 24.Nb1 Nh7 25.Ba3 Ng5 26.Rg3 Rac8 27.h4 Nf3+ 28.Bxf3 exf3 
29.Rxf3 Bxb1 30.Rxf8+ Qxf8 0-1

[Event "XVI Festival Magistrale"]
[Site "Asti ITA"]
[Date "1995.10.06"]
[Round "7"]
[White "Frank, Albert"]
[Black "Duarte, Riccardo"]
[Result "1-0"]
[WhiteElo "2090"]
[BlackElo "2050"]
[PlyCount "85"]
[EventDate "1995.09.30"]

1.c4 Nf6 2.Nc3 b6 3.e4 e5 4.f4 Bb7 5.fxe5 Nxe4 6.Nf3 Bc5 7.Nxe4 Bxe4 8.d4 
Bb4+ 9.Bd2 Nc6 10.Be2 O-O 11.O-O Bxd2 12.Qxd2 h6 13.Rae1 d5 14.exd6 Qxd6 
15.d5 Bxf3 16.Bxf3 Ne5 17.b3 a5 18.Kh1 a4 19.Qf4 Nd3 20.Qxd6 cxd6 21.Rb1 
axb3 22.Rxb3 Ne5 23.Rxb6 Nxc4 24.Rc6 Nd2 25.Ra1 Rfb8 26.Kg1 Nxf3+ 27.gxf3 
Rd8 28.a4 Ra5 29.Kf2 Kf8 30.Ke3 Rxd5 31.a5 Re8+ 32.Kf4 g5+ 33.Kg3 Rd2 34.
a6 Ree2 35.a7 Rg2+ 36.Kh3 g4+ 37.Kh4 Rxh2+ 38.Kxg4 Rdg2+ 39.Kf4 Rh5 40.
a8=Q+ Kg7 41.Rxd6 Rh4+ 42.Ke3 Rhh2 43.Re1 1-0

[Event "XVI Festival Magistrale"]
[Site "Asti ITA"]
[Date "1995.10.06"]
[Round "7"]
[White "Fuggetta, Leonardo"]
[Black "Maccagno, Giancarlo"]
[Result "0-1"]
[WhiteElo "2115"]
[BlackElo "2210"]
[PlyCount "78"]
[EventDate "1995.09.30"]

1.c4 g6 2.Nc3 Bg7 3.g3 d6 4.Bg2 Nd7 5.e3 c6 6.Nge2 Ne5 7.d3 Bg4 8.h3 Bf3 
9.O-O h5 10.Bxf3 Nxf3+ 11.Kg2 Ne5 12.f4 Nd7 13.e4 Nh6 14.d4 c5 15.d5 f5 
16.Qe1 O-O 17.Rb1 a5 18.b3 Nb6 19.a4 Qd7 20.Bd2 Nc8 21.Ng1 e6 22.Nf3 Ne7 
23.dxe6 Qxe6 24.Ng5 Qd7 25.exf5 Nexf5 26.Qe6+ Rf7 27.Qd5 Bxc3 28.Nxf7 Nxf7
29.Rfe1 Bd4 30.Re6 Ne7 31.Qe4 Kf8 32.Re1 Re8 33.Bxa5 Nh6 34.Bd2 Nhf5 35.
Qe2 Ng7 36.Re4 Nef5 37.a5 Qc6 38.b4 Ne3+ 39.Bxe3 Qxe4+ 0-1

[Event "XVI Festival Magistrale"]
[Site "Asti ITA"]
[Date "1995.10.06"]
[Round "7"]
[White "Lacrosse, Marc"]
[Black "Bianco, Valerio"]
[Result "1/2-1/2"]
[WhiteElo "2240"]
[BlackElo "2205"]
[PlyCount "69"]
[EventDate "1995.09.30"]

1.d4 d5 2.c4 c6 3.Nf3 dxc4 4.a4 b5 5.e3 e6 6.b3 Bb4+ 7.Bd2 Bxd2+ 8.Nfxd2 
cxb3 9.axb5 b2 10.Ra2 Ne7 11.Rxb2 O-O 12.Nc3 Bb7 13.Nce4 Nd7 14.Nd6 Rb8 
15.Nxb7 Rxb7 16.Bd3 h6 17.Rb1 c5 18.O-O cxd4 19.exd4 Nf6 20.Nb3 Ned5 21.
Qd2 Qd6 22.Rfc1 Re7 23.Na5 Rd7 24.Nc6 Ne7 25.h3 Rc7 26.Qb4 Qxb4 27.Rxb4 
Nfd5 28.Ra4 Rfc8 29.Nxe7+ Nxe7 30.Rc5 Rd7 31.Be4 Rcd8 32.Bc6 Rc7 33.Be4 
Rcd7 34.Bc6 Rc7 35.Be4 1/2-1/2

[Event "XVI Festival Magistrale"]
[Site "Asti ITA"]
[Date "1995.10.06"]
[Round "7"]
[White "Lampic, Teo"]
[Black "Nurkic, Sahbaz"]
[Result "1/2-1/2"]
[WhiteElo "2099"]
[BlackElo "2420"]
[PlyCount "138"]
[EventDate "1995.09.30"]

1.e4 g6 2.d4 Bg7 3.c3 d6 4.Be3 Nf6 5.f3 O-O 6.Qd2 Re8 7.Bh6 Bh8 8.h4 e5 9.
dxe5 dxe5 10.Qxd8 Rxd8 11.Bc4 Bg7 12.Be3 c6 13.a4 Nbd7 14.Nd2 Nf8 15.O-O-O
Ne6 16.Ne2 b6 17.b4 Ne8 18.Kc2 Nd6 19.Bd3 Bd7 20.Nc4 Ne8 21.Kb3 N6c7 22.
Nb2 Nd6 23.Kc2 Be6 24.Nc1 f5 25.h5 f4 26.Bf2 g5 27.h6 Bf8 28.Rh5 Nf7 29.g3
fxg3 30.Bxg3 Be7 31.Rg1 Kf8 32.Bf2 Nd6 33.Be3 Bf7 34.Rhxg5 Bxg5 35.Bxg5 
Re8 36.f4 Ne6 37.fxe5 Nxg5 38.Rxg5 Nc8 39.Nc4 Re6 40.Nb3 Rxh6 41.Nd4 Ne7 
42.Nd6 Rg6 43.Rxg6 Nxg6 44.Nxc6 h5 45.Be2 Nf4 46.Nd4 Nxe2 47.Nxe2 Ke7 48.
Nf4 Rh8 49.Nf5+ Kd7 50.Ng7 h4 51.e6+ Bxe6 52.Ngxe6 h3 53.Nxh3 Kxe6 54.Nf4+
Kf6 55.Kd3 Rh4 56.Ke3 Rh1 57.Kd4 Ra1 58.Kd5 Rxa4 59.e5+ Ke7 60.Ng6+ Ke8 
61.e6 a5 62.Kd6 axb4 63.cxb4 Rxb4 64.Ne7 Rb1 65.Nd5 Rd1 66.Ke5 b5 67.Nc7+ 
Ke7 68.Nxb5 Re1+ 69.Kd5 Rxe6 1/2-1/2

[Event "XVI Festival Magistrale"]
[Site "Asti ITA"]
[Date "1995.10.06"]
[Round "7"]
[White "Legky, Nikolay A."]
[Black "Naumkin, Igor"]
[Result "1/2-1/2"]
[WhiteElo "2510"]
[BlackElo "2455"]
[PlyCount "86"]
[EventDate "1995.09.30"]

1.d4 e6 2.e4 d5 3.Nc3 Bb4 4.exd5 exd5 5.Bd3 Nc6 6.a3 Ba5 7.Ne2 Nge7 8.Bg5 
f6 9.Be3 Bf5 10.Nf4 Bxd3 11.Qxd3 Qd7 12.O-O Bxc3 13.bxc3 Na5 14.Rae1 O-O 
15.Bc1 Rfe8 16.Qf3 c6 17.Nh5 Rf8 18.Re2 Nc4 19.Rfe1 Ng6 20.h4 Rae8 21.Bh6 
Rxe2 22.Rxe2 gxh6 23.Nxf6+ Rxf6 24.Qxf6 h5 25.Re6 Qf7 26.Qd8+ Kg7 27.Re2 
Qf4 28.g3 Qf3 29.Re8 Qf7 30.Re2 Nxa3 31.g4 Nb5 32.g5 h6 33.gxh6+ Kh7 34.
Re3 Nc7 35.Qc8 Nb5 36.Qd8 Kxh6 37.Qg5+ Kg7 38.Qxh5 Nd6 39.Qg4 Qf5 40.Qg2 
a5 41.Re5 Qxc2 42.h5 Qc1+ 43.Kh2 Qf4+ 1/2-1/2

[Event "XVI Festival Magistrale"]
[Site "Asti ITA"]
[Date "1995.10.06"]
[Round "7"]
[White "Mordiglia, Riccardo"]
[Black "Canelli, Daniele"]
[Result "1-0"]
[WhiteElo "2015"]
[BlackElo "1911"]
[PlyCount "73"]
[EventDate "1995.09.30"]

1.e4 c5 2.b4 cxb4 3.a3 e6 4.axb4 Bxb4 5.c3 Be7 6.d4 Nf6 7.Bd3 b6 8.e5 Nd5 
9.Qg4 g6 10.h4 h5 11.Qg3 Rg8 12.Ne2 Nc6 13.Nd2 d6 14.f4 Kd7 15.Ne4 Kc7 16.
exd6+ Bxd6 17.Nxd6 Qxd6 18.Ba3 Qd8 19.f5+ Kb7 20.Ba6+ Kxa6 21.Be7+ Kb7 22.
Bxd8 Nxd8 23.fxg6 fxg6 24.O-O Bd7 25.Qd6 Bc6 26.Rf8 Rxf8 27.Qxf8 Nc7 28.c4
a5 29.Nc3 a4 30.d5 exd5 31.cxd5 Bxd5 32.Nxd5 Nxd5 33.Qd6 Nc7 34.Rc1 Nde6 
35.Qc6+ Ka7 36.Qxa4+ Kb7 37.Qc6+ 1-0

[Event "XVI Festival Magistrale"]
[Site "Asti ITA"]
[Date "1995.10.06"]
[Round "7"]
[White "Mrdja, Milan"]
[Black "Sedina, Elena"]
[Result "1/2-1/2"]
[WhiteElo "2450"]
[BlackElo "2350"]
[PlyCount "105"]
[EventDate "1995.09.30"]

1.e4 e6 2.d4 d5 3.Nc3 Bb4 4.e5 c5 5.a3 Bxc3+ 6.bxc3 Qc7 7.Qg4 f5 8.Qg3 
cxd4 9.cxd4 Ne7 10.Bd2 O-O 11.Bd3 b6 12.Ne2 Ba6 13.Nf4 Qd7 14.Bxa6 Nxa6 
15.h4 Rac8 16.c3 Rf7 17.h5 Nb8 18.Rh3 Nbc6 19.Qh4 Na5 20.Rb1 Nc4 21.Bc1 
Qa4 22.Qg3 Rc6 23.Ra1 Qc2 24.Qd3 Qxd3 25.Rxd3 Rf8 26.a4 Rfc8 27.Rg3 Kf7 
28.Nh3 h6 29.Nf4 Na5 30.Bb2 Rc4 31.Ra3 R4c6 32.Ra2 Rc4 33.Kd1 Nb3 34.Ra3 
Na5 35.Bc1 R4c6 36.Kc2 Rc4 37.Kd1 Nac6 38.Bd2 Na5 39.Rd3 R4c6 40.Ne2 Nc4 
41.Ra2 Rg8 42.Rh3 Rb8 43.Nf4 a5 44.Nd3 b5 45.axb5 Rxb5 46.Kc2 Rcb6 47.Rh1 
Rb8 48.Rha1 Nc6 49.Bc1 Rc8 50.Kd1 Rb3 51.Kc2 Rb5 52.Kd1 Rb3 53.Kc2 1/2-1/2

[Event "XVI Festival Magistrale"]
[Site "Asti ITA"]
[Date "1995.10.06"]
[Round "7"]
[White "Sarno, Spartaco"]
[Black "Cugini, Verter"]
[Result "1-0"]
[WhiteElo "2405"]
[BlackElo "2235"]
[PlyCount "153"]
[EventDate "1995.09.30"]

1.c4 Nf6 2.Nc3 g6 3.g3 Bg7 4.Bg2 e5 5.d3 O-O 6.Rb1 c6 7.e4 d6 8.Nge2 Be6 
9.O-O Qd7 10.f4 Bh3 11.b4 Bxg2 12.Kxg2 Na6 13.h3 Nc7 14.f5 d5 15.g4 Nfe8 
16.b5 dxc4 17.dxc4 Qxd1 18.Rxd1 f6 19.bxc6 bxc6 20.Rb7 Rf7 21.Be3 Nd5 22.
cxd5 Rxb7 23.dxc6 Rb2 24.Rd7 Rc8 25.Rxa7 Rxc6 26.Kf3 Nc7 27.Nd1 Rbc2 28.a4
Bf8 29.Rb7 Na6 30.h4 R2c4 31.Ng3 Rxa4 32.g5 Nc5 33.Rb8 Ra3 34.Nf2 Nd7 35.
Rd8 Rc7 36.Ng4 Kf7 37.gxf6 Nxf6 38.fxg6+ hxg6 39.Nxf6 Be7 40.Rd7 Rxd7 41.
Nxd7 Bxh4 42.Nxe5+ Ke6 43.Ng4 Bxg3 44.Kxg3 Ra5 45.Bd2 Ra2 46.Bg5 Ra1 47.
Bd8 Rd1 48.Bb6 Rb1 49.Be3 Rb2 50.Kf4 Rb5 51.Nf2 Rh5 52.Bd4 Rh4+ 53.Ng4 Rh1
54.Bf2 Rh5 55.Ne3 Rh2 56.Bg3 Rd2 57.Ng4 Rd3 58.Bh4 Rh3 59.Kg5 Rf3 60.Bf2 
Rf8 61.Bd4 Rf3 62.Bf2 Rf8 63.Bg3 Rg8 64.Ne5 Rg7 65.Nc6 Rg8 66.Nd4+ Kf7 67.
Nf3 Ke6 68.Bf4 Rf8 69.Nd4+ Kf7 70.Nb5 Ra8 71.Nd6+ Ke6 72.Kxg6 Rg8+ 73.Kh5 
Rg1 74.Nf5 Re1 75.Nd4+ Kf7 76.Nf3 Kf6 77.Nxe1 1-0

[Event "XVI Festival Magistrale"]
[Site "Asti ITA"]
[Date "1995.10.07"]
[Round "8"]
[White "Arlandi, Ennio"]
[Black "Sulava, Nenad"]
[Result "1-0"]
[WhiteElo "2455"]
[BlackElo "2390"]
[PlyCount "77"]
[EventDate "1995.09.30"]

1.d4 e6 2.c4 b6 3.e4 Bb7 4.Bd3 f5 5.exf5 Bb4+ 6.Kf1 Nf6 7.c5 bxc5 8.a3 c4 
9.Bxc4 Ba5 10.fxe6 Bb6 11.exd7+ Qxd7 12.Nf3 Nc6 13.Qe2+ Kf8 14.Be3 Nxd4 
15.Nxd4 Bxd4 16.Bxd4 Qxd4 17.Nc3 Re8 18.Qd3 Qe5 19.Rd1 g6 20.Qd4 Qg5 21.f3
Kg7 22.h4 Qf5 23.Bd3 Qa5 24.Kf2 Rd8 25.Qb4 Qxb4 26.axb4 Rd4 27.b5 Rf8 28.
Be2 Rb4 29.Rd2 Ra8 30.Na2 Ra4 31.b3 Ra3 32.Rc1 Rc8 33.Bc4 c6 34.Be6 Rc7 
35.Nb4 c5 36.Nd3 Bd5 37.Bxd5 Nxd5 38.Nxc5 Nf4 39.g3 1-0

[Event "XVI Festival Magistrale"]
[Site "Asti ITA"]
[Date "1995.10.07"]
[Round "8"]
[White "Canelli, Daniele"]
[Black "Malano, Francesco"]
[Result "1-0"]
[WhiteElo "1911"]
[BlackElo "1908"]
[PlyCount "87"]
[EventDate "1995.09.30"]

1.d4 Nf6 2.c4 e6 3.a3 c5 4.e3 b6 5.Nc3 Bb7 6.Nf3 Be7 7.d5 exd5 8.cxd5 d6 
9.Bc4 Nbd7 10.O-O O-O 11.e4 a6 12.Re1 Ng4 13.Bf4 f6 14.Bg3 Nge5 15.Ba2 
Nxf3+ 16.Qxf3 Kh8 17.Qe2 Re8 18.f4 Bf8 19.Qd3 g6 20.Rad1 Bg7 21.Bb1 b5 22.
h4 Qe7 23.h5 Qf7 24.hxg6 Qxg6 25.Qf3 Qf7 26.Kf2 f5 27.exf5 Bd4+ 28.Kf1 Nf6
29.Re6 Rad8 30.Rde1 b4 31.Ne4 Nxd5 32.Ng5 Qg8 33.Qh5 Nf6 34.Qf7 Bd5 35.Bf2
Bxb2 36.axb4 cxb4 37.Qa7 Rf8 38.Re7 h6 39.Nf3 Rde8 40.Nh4 Bf7 41.Ba2 Rxe7 
42.Rxe7 Nd5 43.Bxd5 Rc8 44.Bd4+ 1-0

[Event "XVI Festival Magistrale"]
[Site "Asti ITA"]
[Date "1995.10.07"]
[Round "8"]
[White "Cugini, Verter"]
[Black "Lacrosse, Marc"]
[Result "1/2-1/2"]
[WhiteElo "2235"]
[BlackElo "2240"]
[PlyCount "95"]
[EventDate "1995.09.30"]

1.e4 e5 2.Nf3 Nc6 3.d4 exd4 4.Nxd4 Bc5 5.Be3 Qf6 6.c3 Nge7 7.g3 d5 8.Bg2 
Nxd4 9.cxd4 Bb4+ 10.Kf1 Qa6+ 11.Kg1 dxe4 12.Bxe4 Be6 13.Nc3 Bxc3 14.bxc3 
O-O 15.Qb1 Bd5 16.Bxh7+ Kh8 17.Be4 Qc6 18.Bxd5 Nxd5 19.Qd3 Rae8 20.c4 Nxe3
21.fxe3 Re4 22.d5 Qg6 23.Kg2 Rfe8 24.Rhe1 Qg5 25.Rad1 Rxe3 26.Rxe3 Rxe3 
27.Qf1 Qe5 28.Rd2 Qe4+ 29.Kh3 Qh7+ 30.Kg2 Qe4+ 31.Kh3 f5 32.Qd1 f4 33.Qh5+
Kg8 34.Rf2 f3 35.c5 Rd3 36.d6 cxd6 37.cxd6 Qe6+ 38.g4 Qxd6 39.Qe8+ Kh7 40.
Qe4+ Qg6 41.Qxb7 Rd4 42.Qc8 Qh6+ 43.Kg3 Qf4+ 44.Kh3 Rd5 45.Qc2+ Kh8 46.
Qc8+ Kh7 47.Qc2+ Kh8 48.Qc8+ 1/2-1/2

[Event "XVI Festival Magistrale"]
[Site "Asti ITA"]
[Date "1995.10.07"]
[Round "8"]
[White "Duarte, Riccardo"]
[Black "Mordiglia, Riccardo"]
[Result "1-0"]
[WhiteElo "2050"]
[BlackElo "2015"]
[PlyCount "99"]
[EventDate "1995.09.30"]

1.e4 e5 2.Nf3 d6 3.Bc4 Be7 4.d3 Nf6 5.h3 O-O 6.Be3 c6 7.Nc3 d5 8.Nxe5 dxc4
9.Nxc4 Be6 10.Nd2 c5 11.f4 Nc6 12.Ne2 Qc7 13.Ng3 Rad8 14.O-O b6 15.Qe1 Nb4
16.Qb1 Bc8 17.a3 Nc6 18.Qe1 Ne8 19.Nh5 g6 20.Ng3 Nd4 21.Rc1 Ba6 22.Nh1 f5 
23.Bxd4 cxd4 24.e5 Ng7 25.Ng3 Ne6 26.Ne2 Qd7 27.Nf3 Bb7 28.Qf2 Bxf3 29.
Qxf3 Qd5 30.Qg3 Rc8 31.Kh2 Rfd8 32.Ng1 Qa2 33.c4 dxc3 34.bxc3 Qxa3 35.d4 
Qb3 36.Rfd1 Qd5 37.Ne2 b5 38.Ra1 Rc7 39.Ra5 Rdd7 40.Qd3 Rb7 41.Rb1 a6 42.
Rxa6 Nc5 43.Ra8+ Kf7 44.Qc2 Ne4 45.Rba1 Rdc7 46.Rh8 Kg7 47.Raa8 b4 48.Qa4 
Nxc3 49.Qe8 g5 50.Qh5 1-0

[Event "XVI Festival Magistrale"]
[Site "Asti ITA"]
[Date "1995.10.07"]
[Round "8"]
[White "Dutreeuw, Marc"]
[Black "Sedina, Elena"]
[Result "1-0"]
[WhiteElo "2370"]
[BlackElo "2350"]
[PlyCount "79"]
[EventDate "1995.09.30"]

1.e4 e6 2.d4 d5 3.Nc3 Bb4 4.e5 c5 5.a3 Bxc3+ 6.bxc3 Qc7 7.Nf3 Ne7 8.h4 
Nbc6 9.h5 h6 10.Be3 Bd7 11.Bd3 O-O-O 12.O-O c4 13.Be2 g6 14.Nh2 gxh5 15.
Bxh5 Rdf8 16.Ng4 Ng8 17.g3 f5 18.Nh2 Be8 19.Be2 Nge7 20.Qd2 Ng6 21.Kh1 h5 
22.Bg5 h4 23.g4 Rhg8 24.Rg1 f4 25.Bf6 Nb8 26.g5 Bc6 27.Bg4 Qf7 28.Bh3 Bd7 
29.Ng4 Qh7 30.Nh6 Ne7 31.Nxg8 Rxg8 32.Bxe7 Qxe7 33.Qxf4 Qh7 34.g6 Rxg6 35.
Qf8+ Kc7 36.Rxg6 Qxg6 37.Rg1 Qh7 38.Kh2 Nc6 39.Bxe6 Qxc2 40.Bxd7 1-0

[Event "XVI Festival Magistrale"]
[Site "Asti ITA"]
[Date "1995.10.07"]
[Round "8"]
[White "Faraoni, Enrico"]
[Black "Astengo, Marcello"]
[Result "1-0"]
[WhiteElo "2135"]
[BlackElo "2110"]
[PlyCount "63"]
[EventDate "1995.09.30"]

1.f4 g6 2.e4 Bg7 3.d4 d6 4.Nf3 c5 5.Bc4 cxd4 6.O-O Nc6 7.f5 gxf5 8.Ng5 Ne5
9.Bb5+ Kf8 10.exf5 Qb6 11.Bd3 Nf6 12.Nd2 Bd7 13.a4 Rc8 14.Nde4 Nxe4 15.
Nxe4 d5 16.Ng3 Nc4 17.a5 Qc5 18.f6 Bxf6 19.Qf3 Rc6 20.Bh6+ Ke8 21.b4 Qxb4 
22.a6 b6 23.Qxd5 Qc5 24.Qe4 Ne3 25.Rf2 Ng4 26.Raf1 Nxf2 27.Rxf2 Be6 28.Qe2
Bc4 29.Ne4 Bxd3 30.cxd3 Qc1+ 31.Bxc1 Rxc1+ 32.Rf1 1-0

[Event "XVI Festival Magistrale"]
[Site "Asti ITA"]
[Date "1995.10.07"]
[Round "8"]
[White "Frank, Albert"]
[Black "Fuggetta, Leonardo"]
[Result "1-0"]
[WhiteElo "2090"]
[BlackElo "2115"]
[PlyCount "83"]
[EventDate "1995.09.30"]

1.e4 g6 2.d4 Bg7 3.Nf3 d6 4.c3 Nf6 5.Bd3 Bg4 6.Qa4+ Bd7 7.Qb3 O-O 8.Bg5 
Ne8 9.Qxb7 Nc6 10.Qb3 Rb8 11.Qc2 f6 12.Be3 e6 13.Nbd2 d5 14.exd5 exd5 15.
O-O Nd6 16.Bf4 Bf5 17.Bxf5 Nxf5 18.Rfe1 Qd7 19.Nb3 Rbe8 20.Nc5 Qf7 21.Qa4 
Nd8 22.Nd7 Ne6 23.Nxf8 Bxf8 24.Bd2 Rd8 25.Re2 g5 26.Qc2 Nd6 27.Rae1 Ng7 
28.Bc1 Qh5 29.h3 Qf7 30.b3 h5 31.Bxg5 fxg5 32.Nxg5 Qf5 33.Qxf5 Ndxf5 34.
Ne6 Rc8 35.Re5 Nxe6 36.Rxf5 Ng7 37.Rxd5 c5 38.dxc5 Bxc5 39.Rde5 Bb6 40.c4 
Rf8 41.c5 Bc7 42.Re7 1-0

[Event "XVI Festival Magistrale"]
[Site "Asti ITA"]
[Date "1995.10.07"]
[Round "8"]
[White "Lampic, Teo"]
[Black "Coppini, Giorgio"]
[Result "0-1"]
[WhiteElo "2099"]
[BlackElo "2210"]
[PlyCount "132"]
[EventDate "1995.09.30"]

1.e4 d6 2.d4 Nf6 3.Nc3 g6 4.f3 Bg7 5.Be3 c6 6.Qd2 Qc7 7.g3 Nbd7 8.Nh3 b5 
9.Nf2 Nb6 10.Be2 Nc4 11.Bxc4 bxc4 12.O-O Nd7 13.Bh6 O-O 14.Bxg7 Kxg7 15.
Ng4 Nf6 16.Qh6+ Kg8 17.Nxf6+ exf6 18.Nd1 Rb8 19.a4 Rd8 20.Rf2 Qa5 21.Kg2 
Qg5 22.Qxg5 fxg5 23.Rd2 d5 24.c3 Be6 25.a5 Rb5 26.Ne3 Rdb8 27.Ra2 h5 28.
Kf2 Kf8 29.Ng2 Ke7 30.h4 g4 31.exd5 cxd5 32.Ne3 gxf3 33.Kxf3 Kd7 34.Rf2 
Kc7 35.Kf4 Kb7 36.Nc2 Kc7 37.Nb4 Kd6 38.Kg5 Re8 39.Rf6 Rb7 40.a6 Rb5 41.
Ra1 Reb8 42.Re1 R8b6 43.Rfxe6+ fxe6 44.Kxg6 Rb8 45.Kxh5 Rh8+ 46.Kg5 Rbb8 
47.h5 Rbf8 48.g4 Rf2 49.Kh4 Rxb2 50.Rf1 Re2 51.Rf7 Rg8 52.Kg3 Re3+ 53.Rf3 
Re1 54.Rf4 Rg1+ 55.Kf3 Rc1 56.Kg3 Rxc3+ 57.Rf3 Rc1 58.Kh4 Rh1+ 59.Rh3 
Rxh3+ 60.Kxh3 e5 61.dxe5+ Kxe5 62.Kh4 d4 63.Nc6+ Kf4 64.h6 Rxg4+ 65.Kh5 
Rg8 66.Kh4 Rg6 0-1

[Event "XVI Festival Magistrale"]
[Site "Asti ITA"]
[Date "1995.10.07"]
[Round "8"]
[White "Maccagno, Giancarlo"]
[Black "Belotti, Bruno"]
[Result "0-1"]
[WhiteElo "2210"]
[BlackElo "2380"]
[PlyCount "102"]
[EventDate "1995.09.30"]

1.e4 d6 2.Nf3 Nf6 3.d3 g6 4.g3 Bg7 5.Bg2 O-O 6.O-O c5 7.Nbd2 Nc6 8.c3 e5 
9.a4 Ne8 10.Nc4 Nc7 11.Bg5 f6 12.Bd2 f5 13.b4 Ne6 14.b5 Ne7 15.Qb3 Kh8 16.
a5 f4 17.h4 Ng8 18.Bh3 Nd4 19.cxd4 Bxh3 20.Ng5 Bxf1 21.Rxf1 fxg3 22.dxc5 
dxc5 23.Bc3 Qe7 24.Qb2 gxf2+ 25.Kg2 Rae8 26.Rxf2 Rxf2+ 27.Qxf2 Nh6 28.Qg3 
Nf7 29.Nxf7+ Qxf7 30.Nd6 Qa2+ 31.Qf2 Qxf2+ 32.Kxf2 Re7 33.Ke2 a6 34.b6 Bf6
35.Be1 Rd7 36.Nc4 Kg7 37.Bf2 Kf7 38.Bxc5 Ke6 39.Bf2 h5 40.Bg3 Rd8 41.Nd2 
Rc8 42.Nf3 Rc2+ 43.Kd1 Rg2 44.Be1 g5 45.hxg5 Bxg5 46.d4 exd4 47.Nxd4+ Ke5 
48.Nb5 Kxe4 49.Nd6+ Kd3 50.Nxb7 Be3 51.Nd8 Rb2 0-1

[Event "XVI Festival Magistrale"]
[Site "Asti ITA"]
[Date "1995.10.07"]
[Round "8"]
[White "Naumkin, Igor"]
[Black "Csom, Istvan"]
[Result "1-0"]
[WhiteElo "2455"]
[BlackElo "2455"]
[PlyCount "152"]
[EventDate "1995.09.30"]

1.d4 Nf6 2.c4 e6 3.Nf3 b6 4.g3 Bb7 5.Bg2 Be7 6.Nc3 Ne4 7.Bd2 Bf6 8.O-O 
Nxc3 9.Bxc3 Be4 10.Qd2 O-O 11.Qf4 d5 12.cxd5 exd5 13.h4 a5 14.Bh3 Bxf3 15.
Qxf3 Nc6 16.Rfd1 Qd6 17.a3 Rfe8 18.Rac1 Re4 19.e3 g6 20.Rc2 Kg7 21.Rdc1 
Ra7 22.Bd2 Ne7 23.Qg2 Ng8 24.Rc6 Qd8 25.Qf3 h5 26.Bg2 Nh6 27.Qd1 Re7 28.e4
Rxe4 29.Bxe4 dxe4 30.Bxh6+ Kxh6 31.Qe2 Qxd4 32.Rxc7 Rxc7 33.Rxc7 Kg7 34.b3
Be5 35.Rc4 Qa1+ 36.Kg2 Qxa3 37.Qxe4 Bf6 38.Qf3 Qe7 39.Qd5 Qe5 40.Qb7 Qe6 
41.Qf3 Qd7 42.Rc6 Bd4 43.Qe4 Kh7 44.Rc2 Bc5 45.Rc3 Qc7 46.Rd3 Kg7 47.Rd5 
Qe7 48.Re5 Qd6 49.Re8 Qf6 50.Qf3 Qd6 51.Qc3+ Bd4 52.Qc4 Qf6 53.Re2 Bc5 54.
Qd5 Qc3 55.Qe5+ Qxe5 56.Rxe5 Kf6 57.f4 Bd6 58.Re8 Bc5 59.Kf3 Kg7 60.g4 
hxg4+ 61.Kxg4 Kh6 62.f5 Kg7 63.Kg5 Bd4 64.Re4 Bf6+ 65.Kg4 b5 66.h5 a4 67.
bxa4 bxa4 68.Rxa4 gxf5+ 69.Kxf5 Bc3 70.Ra2 Bd4 71.Re2 Kh6 72.Kg4 Bc5 73.
Rc2 Be3 74.Kf3 Bd4 75.Rh2 Bc3 76.Rh1 Bb2 1-0

[Event "XVI Festival Magistrale"]
[Site "Asti ITA"]
[Date "1995.10.07"]
[Round "8"]
[White "Nurkic, Sahbaz"]
[Black "Bianco, Valerio"]
[Result "1-0"]
[WhiteElo "2420"]
[BlackElo "2205"]
[PlyCount "51"]
[EventDate "1995.09.30"]

1.e4 Nc6 2.d4 d5 3.Nc3 dxe4 4.d5 Nb8 5.Bg5 h6 6.Bh4 Bf5 7.Qd2 Nf6 8.O-O-O 
Nbd7 9.Nge2 a6 10.Nd4 Bh7 11.Bg3 Qc8 12.Bb5 axb5 13.Ndxb5 Nh5 14.Nxc7+ Kd8
15.Ne6+ fxe6 16.dxe6 Nxg3 17.Qf4 Nf5 18.Rxd7+ Qxd7 19.exd7 e5 20.Qxe4 Bd6 
21.Qxb7 Rb8 22.Qc6 Bg8 23.g4 Bc7 24.gxf5 Rb6 25.Qc5 Bf7 26.Rd1 1-0

[Event "XVI Festival Magistrale"]
[Site "Asti ITA"]
[Date "1995.10.07"]
[Round "8"]
[White "Spinelli, Doriano"]
[Black "Mrdja, Milan"]
[Result "0-1"]
[WhiteElo "2155"]
[BlackElo "2450"]
[PlyCount "74"]
[EventDate "1995.09.30"]

1.e4 c5 2.d3 e6 3.g3 Nc6 4.c3 d5 5.f4 Nf6 6.Nd2 Be7 7.Nh3 O-O 8.Nf2 b5 9.
Bg2 dxe4 10.dxe4 e5 11.Nf3 Qb6 12.Nxe5 Nxe5 13.fxe5 Nd7 14.Bf4 c4 15.Qh5 
Nc5 16.Rd1 Na4 17.Rb1 b4 18.O-O bxc3 19.bxc3 Qa5 20.Qf3 Qxc3 21.Rfc1 Qxf3 
22.Bxf3 Be6 23.Bd1 Nb6 24.Be3 Rfc8 25.a4 Bc5 26.Bxc5 Rxc5 27.Rb5 Rac8 28.
Rc3 Kf8 29.Rxc5 Rxc5 30.Nd3 Ra5 31.Nf4 Rxe5 32.Nxe6+ fxe6 33.Bc2 Ke7 34.
Kg2 Kd6 35.Kf3 Kc5 36.a5 Kb4 37.axb6 Kxc3 0-1

[Event "XVI Festival Magistrale"]
[Site "Asti ITA"]
[Date "1995.10.08"]
[Round "9"]
[White "Bianco, Valerio"]
[Black "Duarte, Riccardo"]
[Result "1-0"]
[WhiteElo "2205"]
[BlackElo "2050"]
[PlyCount "55"]
[EventDate "1995.09.30"]

1.Nf3 Nf6 2.g3 d5 3.Bg2 Nbd7 4.d4 e6 5.O-O c5 6.c4 dxc4 7.Na3 Nb6 8.Nxc4 
Nxc4 9.Qa4+ Bd7 10.Qxc4 b5 11.Qd3 c4 12.Qc2 Bc6 13.Bg5 Be7 14.Rad1 Be4 15.
Qc1 Qb6 16.Ne1 Bxg2 17.Nxg2 Qb7 18.f3 Nd5 19.e4 Nb4 20.Bxe7 Qxe7 21.a3 Nd3
22.Rxd3 cxd3 23.Qc6+ Qd7 24.Qxa8+ Ke7 25.Qxh8 Qxd4+ 26.Kh1 d2 27.Rd1 Qc5 
28.Qxg7 1-0

[Event "XVI Festival Magistrale"]
[Site "Asti ITA"]
[Date "1995.10.08"]
[Round "9"]
[White "Coppini, Giorgio"]
[Black "Belotti, Bruno"]
[Result "0-1"]
[WhiteElo "2210"]
[BlackElo "2380"]
[PlyCount "60"]
[EventDate "1995.09.30"]

1.e4 c5 2.Nf3 e6 3.d3 Nc6 4.g3 d5 5.Nbd2 Nf6 6.Bg2 Be7 7.O-O O-O 8.Re1 b5 
9.e5 Nd7 10.c3 a5 11.Nf1 Ba6 12.d4 b4 13.Ne3 Nb6 14.dxc5 Bxc5 15.h4 a4 16.
h5 a3 17.Ng4 axb2 18.Bxb2 Nc4 19.Bc1 bxc3 20.Bh6 gxh6 21.Qc1 f5 22.exf6 
Rxf6 23.Qxc3 Kf7 24.Bh3 Bc8 25.Qd3 Kg7 26.Nxf6 Qxf6 27.Qe2 Ra3 28.Bxe6 
Rxf3 29.Bxc8 Rxg3+ 30.Kf1 Ne3+ 0-1

[Event "XVI Festival Magistrale"]
[Site "Asti ITA"]
[Date "1995.10.08"]
[Round "9"]
[White "Csom, Istvan"]
[Black "Legky, Nikolay A."]
[Result "1/2-1/2"]
[WhiteElo "2455"]
[BlackElo "2510"]
[PlyCount "46"]
[EventDate "1995.09.30"]

1.c4 e6 2.Nf3 d5 3.e3 Nf6 4.b3 Be7 5.Bb2 O-O 6.Be2 c5 7.O-O Nc6 8.cxd5 
Nxd5 9.a3 b6 10.d3 Bb7 11.Nbd2 Bf6 12.Qc2 Bxb2 13.Qxb2 Qf6 14.Qxf6 Nxf6 
15.Rfc1 Rfd8 16.Rab1 Nd5 17.g3 Rac8 18.Rb2 f6 19.Rbc2 Kf7 20.h3 Nde7 21.
Rb2 Nd5 22.Rbc2 Nde7 23.Rb2 Nd5 1/2-1/2

[Event "XVI Festival Magistrale"]
[Site "Asti ITA"]
[Date "1995.10.08"]
[Round "9"]
[White "Cugini, Verter"]
[Black "Frank, Albert"]
[Result "1-0"]
[WhiteElo "2235"]
[BlackElo "2090"]
[PlyCount "77"]
[EventDate "1995.09.30"]

1.e4 c5 2.g3 Nc6 3.Bg2 e6 4.Ne2 g6 5.O-O Bg7 6.c3 d5 7.exd5 exd5 8.d4 cxd4
9.Nxd4 Ne5 10.Re1 Ne7 11.Qe2 O-O 12.Bg5 f6 13.Bf4 Bg4 14.f3 Bd7 15.Be3 Nc4
16.Bf2 Re8 17.f4 Nb6 18.Na3 Nf5 19.Qd2 Nd6 20.Rxe8+ Qxe8 21.Re1 Ne4 22.Qd3
f5 23.Ndb5 Bxb5 24.Nxb5 Qc6 25.Nd4 Qd7 26.Nf3 Qd6 27.Qb5 Qc6 28.Qb3 Nc4 
29.Bd4 Re8 30.Rd1 Bxd4+ 31.Rxd4 Ne3 32.Ne5 Qb6 33.Rb4 Qa6 34.Rb5 Re6 35.
Bxe4 fxe4 36.Kf2 Rxe5 37.fxe5 Ng4+ 38.Ke1 Qe6 39.Rxd5 1-0

[Event "XVI Festival Magistrale"]
[Site "Asti ITA"]
[Date "1995.10.08"]
[Round "9"]
[White "Dutreeuw, Marc"]
[Black "Arlandi, Ennio"]
[Result "0-1"]
[WhiteElo "2370"]
[BlackElo "2455"]
[PlyCount "84"]
[EventDate "1995.09.30"]

1.e4 c6 2.d4 d5 3.e5 Bf5 4.Nf3 e6 5.Be2 c5 6.Be3 Nd7 7.c4 dxc4 8.Bxc4 a6 
9.Nc3 Ne7 10.Nh4 cxd4 11.Bxd4 Qc7 12.Qe2 Bg4 13.f3 Nc6 14.Bf2 Ncxe5 15.Bb3
Bh5 16.g4 Bg6 17.O-O-O Bb4 18.Nxg6 hxg6 19.Kb1 Bxc3 20.Rc1 O-O 21.Rxc3 Nc6
22.h4 Nf6 23.h5 gxh5 24.g5 Nd5 25.Bxd5 exd5 26.Rxh5 Qf4 27.Rc1 Ne5 28.Be3 
Qf5+ 29.Ka1 Ng6 30.Rch1 Rac8 31.Qh2 f6 32.gxf6 Rxf6 33.Qd2 Qxf3 34.R5h3 
Qf1+ 35.Qe1 Qxe1+ 36.Rxe1 Re8 37.Rg1 Ne7 38.Bc5 Rf4 39.Bd6 Re4 40.Rf3 Nf5 
41.Bb4 Nd4 42.Rf2 Ne2 0-1